| 000 | 00726nam a2200301Ia 4500 | ||
|---|---|---|---|
| 008 | 160525s9999||||xx |||||||||||||| ||und|| | ||
| 040 | _cEnglish | ||
| 082 | _aXI. G/Bagchi | ||
| 082 | _bBORI-53118 | ||
| 100 | _aP. C. Bagchi | ||
| 245 | _aCalcutta Past And Present | ||
| 260 | _aCalcutta | ||
| 260 | _bCalcutta University Press | ||
| 260 | _c1939 | ||
| 300 | _a127PP | ||
| 300 | _cF | ||
| 300 | _ePaperback | ||
| 530 | _b"Patwardhan, R. P." | ||
| 530 | _u00053118.pdf | ||
| 563 | _aStudy | ||
| 600 | _aP. C. Bagchi | ||
| 630 | _aCalcutta Past And Present | ||
| 650 | _aGeneral Indology | ||
| 650 | _aGeography | ||
| 700 | _aP. C. Bagchi | ||
| 730 | _aCalcutta Past And Present | ||
| 942 | _cBOOK | ||
| 999 |
_c1380241 _d1380238 |
||